La Marseillaise ( Rouget ) - Statistiques

Statistiques générales
  • Ce quiz a été pris 139 fois
  • Le résultat moyen est 43 sur 56
Statistiques - réponses
Hint Réponse % Correct
L'
99%
de
98%
de
98%
de
98%
enfants
98%
la
98%
la
98%
est
97%
est
97%
Le
97%
Couplet : Allons
96%
arrivé
96%
gloire
96%
jour
96%
Patrie
96%
nous
94%
sang
93%
Contre
89%
nos
86%
levé
84%
sanglant
84%
tyrannie
84%
dans
80%
dans
80%
campagnes
78%
campagnes
78%
vos
78%
vos
78%
vos
78%
vos
78%
soldats
76%
étendard
73%
Entendez
72%
féroces
72%
viennent
72%
Qu'
71%
ces
70%
Mugir
69%
vous
69%
bras
68%
jusque
67%
fils
63%
les
63%
Refrain : Aux
61%
armes
60%
Egorger
59%
citoyens
57%
Marchons
57%
marchons
57%
bataillons
56%
Formez
52%
impur
52%
Abreuve
51%
Ils
50%
sillons
50%
un
48%
Aucun quiz correspondant
Distribution des résultats
% des personnes avec chaque résultat
Percentile par nombre de réponses
Votre historique - résultats
Vous n’avez pas pris ce quiz